Pays ou il y a le plus d'Algériens - Statistiques

Statistiques générales
  • Ce quiz a été pris 3 974 fois
  • Le résultat moyen est 8 sur 12
Statistiques - réponses
Nombre Pays % Correct
Entre 2 000 000et 5 000 000 France
100%
Entre 64 000et 300 000 Espagne
90%
11 184 Maroc
84%
45 251 043 Algérie
83%
12 000 Tunisie
79%
Entre 50 000et 100 000 Italie
75%
22 000 Allemagne
67%
250 000 Royaume-Uni
61%
30 000 États-Unis
59%
Entre 110 000et 160 000 Canada
57%
13 000 Suisse
45%
46 477 Israël
5%
Aucun quiz correspondant
Distribution des résultats
% des personnes avec chaque résultat
Percentile par nombre de réponses
Votre historique - résultats
Vous n’avez pas pris ce quiz